000 00469nam a22001937a 4500
003 LK-CoDNM
005 20241219145817.0
008 241219b |||||||| |||| 00| 0 eng d
040 _aLK-CoDNM
_dLK-CoDNM
_eLK-CoDNM
041 _aeng
080 _a2
_bI20
100 _aKENNAR,AS
245 _aSYNONYMY OF THE BRITISH NON -MARINE MOOLUSCA
260 _c1926
_aLONDON
300 _a447P. : ; 23 cm
650 _aSCIENCE
700 _aWOODWARD,BB
942 _cBK
999 _c233727
_d233727